000 00608nam a2200181Ia 4500
005 20250508153315.0
008 008 250505s9999 xx 000 0 eng d
037 _aBooks to be hide in OPAC
040 _aFEDL
_beng
_cFEDL
041 _aeng
_2eng
084 _a727, CAL/O
_qFEDL
100 _aBlume John A
_9763662
245 0 _aEarthquake resistance of California school buildings additional analyses and design implications
245 0 _cState of California, Department of Public Works Division of Architecture
260 _c1962
942 _cHB
_h727, CAL/O
999 _c1341890
_d1341890